Differential equations with applications and historical notes / (Record no. 129601)
[ view plain ]
| 000 -LEADER | |
|---|---|
| fixed length control field | 00813nam a22002417a 4500 |
| 005 - DATE AND TIME OF LATEST TRANSACTION | |
| control field | 20170124110059.0 |
| 010 ## - LIBRARY OF CONGRESS CONTROL NUMBER | |
| LC control number | B-107559 |
| 020 ## - INTERNATIONAL STANDARD BOOK NUMBER | |
| International Standard Book Number | 0070530718 |
| 035 ## - SYSTEM CONTROL NUMBER | |
| System control number | B-107559 |
| 037 ## - SOURCE OF ACQUISITION | |
| Source of stock number/acquisition | Cen Lib/Ret |
| 040 ## - CATALOGING SOURCE | |
| Original cataloging agency | DPL |
| Language of cataloging | EN |
| 082 ## - DEWEY DECIMAL CLASSIFICATION NUMBER | |
| Classification number | 515.35 |
| Item number | SIM |
| 100 ## - MAIN ENTRY--PERSONAL NAME | |
| Personal name | Simmons, George F. |
| 9 (RLIN) | 26865 |
| 245 ## - TITLE STATEMENT | |
| Title | Differential equations with applications and historical notes / |
| Statement of responsibility, etc | by George F. Simmons [and] John S. Robertson |
| 250 ## - EDITION STATEMENT | |
| Edition statement | 2nd ed |
| 260 ## - PUBLICATION, DISTRIBUTION, ETC. (IMPRINT) | |
| Place of publication, distribution, etc | New Delhi |
| Name of publisher, distributor, etc | Tata Mcgraw-hill publishing company |
| Date of publication, distribution, etc | 1991 |
| 270 ## - ADDRESS | |
| City | New Delhi |
| Address | 7 West Patel Nagar |
| Postal code | 110008 |
| 300 ## - PHYSICAL DESCRIPTION | |
| Extent | xx, 629P. : |
| Dimensions | 21cm(Hb) |
| 650 ## - SUBJECT ADDED ENTRY--TOPICAL TERM | |
| Topical term or geographic name as entry element | Differential equations |
| 9 (RLIN) | 20257 |
| 650 ## - SUBJECT ADDED ENTRY--TOPICAL TERM | |
| Topical term or geographic name as entry element | Differential equations |
| Form subdivision | historical notes |
| 9 (RLIN) | 26866 |
| 700 ## - ADDED ENTRY--PERSONAL NAME | |
| Personal name | Robertson, John S. |
| 9 (RLIN) | 26867 |
| 942 ## - ADDED ENTRY ELEMENTS (KOHA) | |
| Source of classification or shelving scheme | Dewey Decimal Classification |
| Koha item type | English Books |
| Classification part | 515.35 |
| Call number suffix | SIM |
| Withdrawn status | Lost status | Damaged status | Not for loan | Home library | Current library | Date acquired | Source of acquisition | Cost, normal purchase price | Total Checkouts | Total Renewals | Full call number | Barcode | Date last seen | Date checked out | Copy number | Cost, replacement price | Price effective from | Koha item type |
|---|---|---|---|---|---|---|---|---|---|---|---|---|---|---|---|---|---|---|
| Central Library | Central Library | 07/07/2015 | Cen Lib/Ret | 0.00 | 6 | 5 | 515.35 SIM | B-107559 | 20/09/2023 | 04/09/2023 | 1 | 0.00 | 07/07/2015 | English Books |
